| 000 | 00630nam a22002057a 4500 | ||
|---|---|---|---|
| 999 |
_c6218 _d6218 |
||
| 003 | AR-CdUCM | ||
| 008 | 190314b ||||| |||| 00| 0 spa d | ||
| 040 |
_aMUNICIPALIDAD PROVINCIAL DEL CUSCO _cBIBLIOTECA MUNICIPAL DEL CUSCO |
||
| 082 |
_a869.56 / _bM29 |
||
| 100 |
_aMaurial, Antonio _917927 |
||
| 245 | _aCantos Nazca / | ||
| 260 |
_aLima : _bAugusto Villanueva, _c1974. |
||
| 300 |
_a16 paginas ; _c18.5 cm. |
||
| 500 | _aDedicado a Gustavo Perez Ocampo y Luis Nieto. | ||
| 650 |
_aPoesia Latinoamericana _92147 |
||
| 650 |
_aPoesia Peruana _9280 |
||
| 650 |
_aPoesia LimeƱa _917928 |
||
| 942 |
_2ddc _cLIBROS |
||
| 945 | _artm | ||